Normal view
MARC view
- Agarwal, AN
Entry Personal Name
001 - CONTROL NUMBER
- control field: 6957
003 - CONTROL NUMBER IDENTIFIER
- control field: OSt
005 - DATE AND TIME OF LATEST TRANSACTION
- control field: 20250117111022.0
008 - FIXED-LENGTH DATA ELEMENTS
- fixed length control field: 250117|| aca||aabn | a|a d
040 ## - CATALOGING SOURCE
- Original cataloging agency: OSt
- Transcribing agency: OSt
100 ## - HEADING--PERSONAL NAME
- Personal name: Agarwal, AN
670 ## - SOURCE DATA FOUND
- Source citation: Work cat.: (OSt)19046: Agarwal, AN, Indian Agriculture, 1986.
